Responses for show #5848 - Wednesday, February 3, 2010

2010-A College Championship quarterfinal game 3.

Contestants

Rebecca Maxfield, a freshman from Brown University

James Hill III, a freshman from Santa Clara University

Robbie Berg, a freshman from the University of Pennsylvania

Jeopardy! Round responses

CAPITAL CITIES
MOVIE OBJECTS
FOOD FESTIVALS
MAMMALS
TAKE THE FIFTH
WORDS IN FEBRUARY
(Alex: Each correct response will be made up of the letters from the word "February".)
    $200 1
Tokyo

Robbie
    $200 6
ruby slippers

James
    $200 22
avocado

Robbie
    $200 21
rodentia

James
    $200 16
Beethoven

James
    $200 9
fare

James
    $400 2
Moscow

James
    $400 7
A Christmas Story

James
    $400 23
gumbo

Robbie
    $400 27
a kangaroo

Robbie
    $400 17
Monroe

Robbie
    $400 10
rare

Robbie
    $600 3
Baghdad

James
    $600 8
airplanes

Triple Stumper
    $600 24
Chicago

Rebecca
    $600 28
wild boars

Rebecca
    $600 18
Deuteronomy

Robbie
    $600 11
barre

Rebecca
    $1,000 4
(James: What is Brasilia?)

Lima

James
    $800 14
The Golden Compass

Rebecca
    $800 25
Greece

Robbie
    $800 29
an anteater

Robbie
    $800 19
(Alan) Shepard

James
    $800 12
rye

Robbie
    $1000 5
Ottawa

Robbie
    $1000 15
the flower petals

Triple Stumper
    $1000 26
Orville Redenbacher

Robbie
    $1000 30
manatees (or dugongs)

James
    $1000 20
boron

Rebecca
    $1000 13
(Robbie: What is a day?)

a year

RobbieRebecca

Scores at the first commercial break (after clue 15):

Robbie James Rebecca
$1,400 $800 $2,400

Scores at the end of the Jeopardy! Round:

Robbie James Rebecca
$6,000 $3,000 $4,600

Double Jeopardy! Round responses

GEOMETRY
GRAPHIC NOVELS
CLASS "E"
PRESIDENTIAL ALMA MATERS
PORTRAIT OF WHOM?
I'M FEELIN' HAPPY!
    $400 7
Euclid

Rebecca
    $400 1
Buffy

James
    $400 11
Education

James
    $400 10
(Ulysses) Grant

Robbie
    $400 6
the Pope

Robbie
    $400 19
Glad

James
    $800 27
concentric

Robbie
    $800 2
(Robbie: What is the Red Cross?)

Doctors Without Borders

RobbieRebecca
    $800 12
Environmental Studies

James
    $800 15
Jefferson

James
    $800 23
(Robbie: Who is Henry VIII?)

George III

RobbieRebecca
    $800 20
Joy

Robbie
    $1200 30
180

James
    $1200 4
Surrogates

James
    $1200 13
entomology

Rebecca
    $1200 16
Ford

James
    $1200 8
the artist's mother

Rebecca
    $1200 21
Merry

James
    $1600 28
obtuse

James
    $1600 3
Fahrenheit 451

James
    $2,500 17
(James: What is Elementary Mathematics?)

economics

James
    $1600 18
George H.W. Bush

James
    $1600 9
Monet

James
    $1600 22
tickled

James
    $2,500 29
(James: What is 3.14157?)

3.14159

James
    $2000 5
Maus

Rebecca
    $2000 24
epidemiology

Rebecca
    $2000 26
Nixon

Rebecca
    $2000 14
the de' Medicis

James
    $2000 25
delight

James

Scores at the end of the Double Jeopardy! Round:

Robbie James Rebecca
$6,800 $17,600 $15,000

Final Jeopardy! Round responses

OLYMPIC VENUES
RobbieWhat is Atlanta?
$6,797
RebeccaWhat is Winnipeg?
$3,026
JamesWhat is Mexico City?
$7,598
Mexico City

Final scores:

Robbie James Rebecca
$3 $25,198 $11,974
3rd place: $5,000 if eliminated Automatic semifinalist 2nd place: $5,000 if eliminated

Game dynamics:

Coryat scores:

Robbie James Rebecca
$6,800 $23,600 $15,000
16 R,
3 W
25 R,
3 W
(including 3 DDs)
14 R,
0 W

Combined Coryat: $45,400

The J! Archive is created by fans, for fans. The Jeopardy! game show and all elements thereof, including but not limited to copyright and trademark thereto, are the property of Jeopardy Productions, Inc. and are protected under law. This website is not affiliated with, sponsored by, or operated by Jeopardy Productions, Inc. Join the discussion at JBoard.tv.